| 000 | 00992nam a2200241 a 4500 | ||
|---|---|---|---|
| 003 | BLK | ||
| 005 | 20241108094604.0 | ||
| 008 | 230404b bu |||||||||| 00| | bu d | ||
| 020 | _a9786192051907 | ||
| 040 | _aBLK | ||
| 041 |
_aBUL _cBUL |
||
| 080 |
_aБългарска литература _b821.163.2 _x-1 _z821.163.2-1 |
||
| 100 |
_91299 _aДаскалова, Венета Константинова |
||
| 245 |
_aНезаличими спомени _bЛирика _cВенета Константинова Даскалова |
||
| 260 |
_9215318 _aВ. Търново _bИВИС _c2023 _n978-954-2968- ; 978-954-8387- |
||
| 300 |
_a148 с. _bс портр. _c 20 см |
||
| 380 | _aX | ||
| 500 | _aАвтобиография на Венета Константинова Даскалова: с. 134-139 | ||
| 856 |
_i0.00 _ldisable |
||
| 942 |
_cKNG _n0 |
||
| 944 |
_cКети Илиева _k30550 _a30550 _lКети Илиева |
||
| 999 |
_c521488 _d521488 |
||